<?xml version="1.0" encoding="UTF-8"?><marc:collection xmlns:marc="http://www.loc.gov/MARC21/slim">
  <marc:record>
    <marc:leader>00000nam  2200000za 4500</marc:leader>
    <marc:controlfield tag="001">9.639542</marc:controlfield>
    <marc:controlfield tag="003">CaOODSP</marc:controlfield>
    <marc:controlfield tag="005">20250224155618</marc:controlfield>
    <marc:controlfield tag="007">cr |||||||||||</marc:controlfield>
    <marc:controlfield tag="008">150407|1999||||xxc|||||o    f|0| 0 fre d</marc:controlfield>
    <marc:datafield tag="040" ind1=" " ind2=" ">
      <marc:subfield code="a">CaOODSP</marc:subfield>
      <marc:subfield code="b">fre</marc:subfield>
    </marc:datafield>
    <marc:datafield tag="043" ind1=" " ind2=" ">
      <marc:subfield code="a">n-cn---</marc:subfield>
    </marc:datafield>
    <marc:datafield tag="086" ind1="1" ind2=" ">
      <marc:subfield code="a">H46-2/00-65F-PDF</marc:subfield>
    </marc:datafield>
    <marc:datafield tag="110" ind1="1" ind2=" ">
      <marc:subfield code="a">Canada.</marc:subfield>
      <marc:subfield code="b">Santé Canada. </marc:subfield>
      <marc:subfield code="b">Direction de l'hygiène du milieu.</marc:subfield>
    </marc:datafield>
    <marc:datafield tag="245" ind1="1" ind2="0">
      <marc:subfield code="a">Les appareils radiographiques en diagnostic médical. Partie A, Techniques de sécurité recommandées pour l'installation et l'utilisation : </marc:subfield>
      <marc:subfield code="h">[ressource électronique]</marc:subfield>
      <marc:subfield code="b">code de sécurité 20A </marc:subfield>
    </marc:datafield>
    <marc:datafield tag="250" ind1=" " ind2=" ">
      <marc:subfield code="a">Rév. en 1999</marc:subfield>
    </marc:datafield>
    <marc:datafield tag="260" ind1=" " ind2=" ">
      <marc:subfield code="a">Ottawa - Ontario : </marc:subfield>
      <marc:subfield code="b">Santé Canada. </marc:subfield>
      <marc:subfield code="c">1999, c1996.</marc:subfield>
    </marc:datafield>
    <marc:datafield tag="300" ind1=" " ind2=" ">
      <marc:subfield code="a">103p.</marc:subfield>
      <marc:subfield code="b">figures, graphiques, tableaux</marc:subfield>
    </marc:datafield>
    <marc:datafield tag="500" ind1=" " ind2=" ">
      <marc:subfield code="a">« Archivé. »</marc:subfield>
    </marc:datafield>
    <marc:datafield tag="500" ind1=" " ind2=" ">
      <marc:subfield code="a">La publication été remplacé le 24 février, 2025 à la demande par l'éditeur.</marc:subfield>
    </marc:datafield>
    <marc:datafield tag="500" ind1=" " ind2=" ">
      <marc:subfield code="a">«Le présent document appartient à une série de codes de sécurité préparés par le Bureau de la radioprotection afin d'établir les règlements de sécurité dans l'utilisation des appareils émetteurs de radiation. Ce document comporte des chapitres destinés à guider spécifiquement le radiologiste, le médecin, l'opérateur ainsi que le physicien, médical ou sanitaire, concernés par des techniques sûres, le rendement des appareils et les enquêtes sur la protection. Les techniques de sécurité, les appareils et les installations décrits dans le présent Code sont principalement des outils de formation et doivent servir à guider les personnes travaillant dans les agences et services publics fédéraux de même que ceux qui sont régis par le Code du travail du Canada ... Le présent Code abroge et remplace le Code de sécurité BRP-SC-4 intitulé: Les rayons X en radiologie diagnostique médicale, dentaire et paramédicale - Recommandations concernant les installations et les techniques sûres; de plus, il doit servir de complément aux normes de conception, de construction et de fonctionnement des appareils de radiographie promulguées dans la Loi sur les dispositifs émettant des radiations.»--p.6.</marc:subfield>
    </marc:datafield>
    <marc:datafield tag="500" ind1=" " ind2=" ">
      <marc:subfield code="a">Le n° de catalogue (H-46-2-80-65F) et l'ISBN (0-660-90755-0) copiés dans cette édition électronique sont incorrects.</marc:subfield>
    </marc:datafield>
    <marc:datafield tag="504" ind1=" " ind2=" ">
      <marc:subfield code="a">Bibliographie.</marc:subfield>
    </marc:datafield>
    <marc:datafield tag="520" ind1="3" ind2=" ">
      <marc:subfield code="a">Le présent document appartient à une série de codes de sécurité préparés par le Bureau de la radioprotection afin d'établir les règlements de sécurité dans l'utilisation des appareils émetteurs de radiation. Ce document comporte des chapitres destinés à guider spécifiquement le radiologiste, le médecin, l'opérateur ainsi que le physicien, médical ou sanitaire, concernés par des techniques sûres, le rendement des appareils et les enquêtes sur la protection. Les techniques de sécurité, les appareils et les installations décrits dans le présent Code sont principalement des outils de formation et doivent servir à guider les personnes travaillant dans les agences et services publics fédéraux de même que ceux qui sont régis par le Code du travail du Canada. ... Le présent Code abroge et remplace le Code de sécurité BRP-SC-4 intitulé: Les rayons X en radiologie diagnostique médicale, dentaire et paramédicale - Recommandations concernant les installations et les techniques sûres; de plus, il doit servir de complément aux normes de conception, de construction et de fonctionnement des appareils de radiographie promulguées dans la Loi sur les dispositifs émettant des radiations.--p.6.</marc:subfield>
    </marc:datafield>
    <marc:datafield tag="590" ind1=" " ind2=" ">
      <marc:subfield code="a">12-15-Supp</marc:subfield>
      <marc:subfield code="b">2012-04-13</marc:subfield>
    </marc:datafield>
    <marc:datafield tag="691" ind1="0" ind2="7">
      <marc:subfield code="a">Technologie médicale</marc:subfield>
      <marc:subfield code="2">gcpds</marc:subfield>
    </marc:datafield>
    <marc:datafield tag="691" ind1="0" ind2="7">
      <marc:subfield code="a">Mesure de sécurité</marc:subfield>
      <marc:subfield code="2">gcpds</marc:subfield>
    </marc:datafield>
    <marc:datafield tag="775" ind1="0" ind2="8">
      <marc:subfield code="t">X-ray equipment in medical diagnosis. Part A, Recommended safety procedures for installation and use : </marc:subfield>
      <marc:subfield code="w">(CaOODSP)9.695403</marc:subfield>
    </marc:datafield>
    <marc:datafield tag="776" ind1="0" ind2="#">
      <marc:subfield code="t">Les appareils radiographiques en diagnostic médical, partie A : </marc:subfield>
      <marc:subfield code="w">(CaOODSP)9.681150</marc:subfield>
    </marc:datafield>
    <marc:datafield tag="856" ind1="4" ind2="0">
      <marc:subfield code="a">http://publications.gc.ca</marc:subfield>
      <marc:subfield code="q">PDF</marc:subfield>
      <marc:subfield code="s">251 Ko</marc:subfield>
      <marc:subfield code="u">https://publications.gc.ca/collections/collection_2025/sc-hc/H46-2-00-65-fra.pdf</marc:subfield>
    </marc:datafield>
    <marc:datafield tag="986" ind1=" " ind2=" ">
      <marc:subfield code="a">80-DMH-65</marc:subfield>
    </marc:datafield>
  </marc:record>
</marc:collection>
